000 01008cam a22002291 4500
001 gs 13000563
003 DLC
005 20260227111314.0
008 920520s1913 ag abf 000 0 spa c
010 _ags 13000563
035 _a(OCoLC)25847581
040 _aLibrary, U.S. Geol. survey
_cCSt
_dDLC
042 _apremarc
050 0 0 _aQE231
_b.K4
100 1 _aKeidel, Hans,
_d1877-
245 0 0 _aComposición y estructura geológica del Cajón del Cadillal,
_cpor el doctor Juan Keidel ...
260 _aBuenos Aires,
_bTalleres de publicaciones de la Dirección meteorológica,
_c1913.
300 _a45 p.
_billus., fold. pl., fold. map.
_c27 cm.
490 0 _aArgentine Republic. Ministerio de agricultura. Sección geología, mineralogía y minería. Anales.
_vtomo VIII, núm. 3
500 _aAt head of title: ... Dirección general de minas, geología é hidrología. Contribución al conocimiento geológico de la República Argentina. Informes y comunicaciones.
650 0 _aGeology
_zArgentina.
999 _c25283
_d25283